000 00501nam a2200181Ia 4500
003 OSt
005 20250807102458.0
008 210210b1955 xxu||||| |||| 00| 0 eng d
040 _cAL
041 _akan
082 _a859/1698
100 _aVITTALA SHENAI (H)
_9156338
_dವಿಠಲ ಶೆಣೈ (ಹೆ ಚ್)
245 _aVikasita saubhagya:
_bವಿಕಸಿತ ಸೌಭಾಗ್ಯ
260 _aDa Ka
_b-
_c1955
690 _aKannada Fiction
_9156339
906 _a022419
942 _2ddc
_cBK
999 _c146823
_d146823